000 01113cam a2200229 4500
001 WB3802-32
008 020115n2002 000 0 eng u
035 _a(Sirsi) u116286
245 _aRural housing under microscope
260 _c2002
490 _aRICS Press Release
_v(pr003) 11 January 2002
490 _aPlanning (for the Natural and Built Environment)
_vJanuary 2002, 5(3)
520 _aRICS is to carry out research into the availability of affordable housing for essential workers in rural areas. "A home in the country", will examine the cost and provision of housing in rural areas and how people can be helped to stay in the countryside. The Countryside Agency also warns of a rural housing crisis in the south east in its report, "The state of the countryside 2001", available free from the Countryside Agency T 0870 120 6466 and via http://www.countryside.gov.uk/whatsnew.asp
590 _aWB
650 _aHOUSING
650 _aSOCIAL HOUSING
650 _aRURAL COMMUNITIES
650 _aRURAL HOUSING
650 _aAffordable housing
_96215
690 _aRural
_96268
942 _n0
999 _c69271
_d69271